Chanteurs et musiciens en H (par images). - Statistiques

Statistiques générales
  • Ce quiz a été pris 406 fois
  • Le résultat moyen est 7 sur 16
Statistiques - réponses
Par images Réponse % Correct
Johnny Hallyday
96%
Hoshi
85%
Bilal Hassani
84%
Jimi Hendrix
66%
Calvin Harris
56%
Hamza
53%
Whitney Houston
52%
Françoise Hardy
45%
Georges Harrison
37%
Patrick Hernandez
27%
Hornet La Frappe
17%
Lauryn Hill
13%
Thierry Hazard
10%
Kirk Hammett
8%
Ben Harper
5%
Hawkwind
0%
Aucun quiz correspondant
Distribution des résultats
% des personnes avec chaque résultat
Percentile par nombre de réponses
Votre historique - résultats
Vous n’avez pas pris ce quiz